[Event "Isle of Man Major Minor"]
[Site "Douglas"]
[Date "2023.10.31"]
[Round "4.9"]
[White "Prateek, Wadhwa"]
[Black "Coe, Lawrence"]
[Result "1-0"]
[WhiteElo "1623"]
[BlackElo "1805"]
[PlyCount "160"]
[EventDate "2023.10.28"]
[EventType "swiss"]
[EventRounds "7"]
[EventCountry "IOM"]
[SourceTitle "BritBase"]
[Source "John Saunders"]
[SourceDate "2023.11.12"]
[SourceVersion "1"]
[SourceVersionDate "2023.11.12"]
[SourceQuality "1"]

1. d4 b6 2. c4 Bb7 3. Nc3 Nf6 4. Nf3 e6 5. Bf4 Be7 6. h3 O-O 7. e3 d6 8. Be2
Re8 9. O-O Nbd7 10. b4 Ne4 11. Nxe4 Bxe4 12. Qb3 Bf6 13. Nd2 Bg6 14. Bf3 Rb8
15. Bc6 e5 16. dxe5 dxe5 17. Bg3 Qe7 18. Rad1 Red8 19. Ne4 Nf8 20. Qa4 Bxe4 21.
Bxe4 Ne6 22. a3 c5 23. b5 h5 24. Rxd8+ Rxd8 25. Rd1 h4 26. Bh2 g6 27. Qc2 Bg7
28. Rd3 Ng5 29. Rxd8+ Qxd8 30. Bd5 Qf6 31. f4 exf4 32. Bxf4 Ne6 33. Bxe6 Qxe6
34. Qd3 Qf6 35. Qd5 Kh7 36. Bg5 Qa1+ 37. Kf2 Qb2+ 38. Kf3 Qc1 39. Bxh4 f5 40.
Qd3 Kh6 41. Bg3 Qb2 42. Bf4+ g5 43. Bb8 g4+ 44. hxg4 fxg4+ 45. Kg3 Bf6 46. Bf4+
Kg7 47. Qd7+ Kh8 48. Qc8+ Kh7 49. Qf5+ Kh8 50. Qh5+ Kg7 51. Qxg4+ Kf7 52. Qh5+
Kg7 53. Bh6+ Kg8 54. Qg6+ Kh8 55. Bf4 Qa1 56. Qe8+ Kg7 57. Qd7+ Kg6 58. Qg4+
Kf7 59. Qh5+ Kg7 60. Kh2 Qc3 61. Qg4+ Kf8 62. a4 Kf7 63. Qh5+ Kg8 64. Qd5+ Kh8
65. e4 Bg7 66. e5 Qe1 67. Bg3 Qe3 68. Qd8+ Kh7 69. Qh4+ Kg8 70. Qh5 Qe4 71.
Qe8+ Bf8 72. Qg6+ Kh8 73. Qf7 Bg7 74. Qe8+ Kh7 75. e6 Qf5 76. Qf7 Qg5 77. Kh3
Qh6+ 78. Kg4 Qe3 79. e7 Qd4+ 80. Kh3 Qd7+ 1-0

[Event "Isle of Man Major Minor"]
[Site "Douglas"]
[Date "2023.10.31"]
[Round "4.10"]
[White "Miah, Zahed"]
[Black "Landenberger, Anja Kathrin"]
[Result "1-0"]
[WhiteElo "1802"]
[BlackElo "1732"]
[PlyCount "61"]
[EventDate "2023.10.28"]
[EventType "swiss"]
[EventRounds "7"]
[EventCountry "IOM"]
[SourceTitle "BritBase"]
[Source "John Saunders"]
[SourceDate "2023.11.12"]
[SourceVersion "1"]
[SourceVersionDate "2023.11.12"]
[SourceQuality "1"]

1. e4 c6 2. d4 d5 3. f3 dxe4 4. fxe4 e5 5. Nf3 exd4 6. Bc4 Bb4+ 7. c3 dxc3 8.
Bxf7+ Ke7 9. Qb3 cxb2+ 10. Qxb4+ Kxf7 11. Bxb2 Nf6 12. Ne5+ Ke8 13. Nd2 Nbd7
14. Ndf3 Nxe5 15. Nxe5 Qe7 16. Qa4 Nd7 17. Nxd7 Bxd7 18. O-O Kd8 19. Qb3 Be6
20. Rad1+ Kc8 21. Qg3 Rg8 22. Ba3 Qe8 23. Rd6 h5 24. Qg5 b6 25. Rfd1 Kb7 26.
Qc1 Bg4 27. R1d4 g6 28. e5 Rf8 29. e6 Rf5 30. Qh6 Re5 31. Qg7+ 1-0

[Event "Isle of Man Major Minor"]
[Site "Douglas"]
[Date "2023.10.31"]
[Round "4.11"]
[White "Waddington, Michael P"]
[Black "Cross, Glenn"]
[Result "1/2-1/2"]
[WhiteElo "1931"]
[BlackElo "1742"]
[PlyCount "157"]
[EventDate "2023.10.28"]
[EventType "swiss"]
[EventRounds "7"]
[EventCountry "IOM"]
[SourceTitle "BritBase"]
[Source "John Saunders"]
[SourceDate "2023.11.12"]
[SourceVersion "1"]
[SourceVersionDate "2023.11.12"]
[SourceQuality "1"]

1. d4 d6 2. e4 g6 3. Nc3 Bg7 4. Be3 e6 5. Qd2 h6 6. O-O-O Ne7 7. f4 Nd7 8. Nf3
b6 9. h4 Bb7 10. Kb1 Nf6 11. Bb5+ c6 12. Bd3 Qd7 13. Rhe1 Ng4 14. Bg1 O-O-O 15.
Qe2 h5 16. Ng5 Rhf8 17. Ba6 Rde8 18. Bxb7+ Kxb7 19. Rd3 d5 20. e5 Nf5 21. g3
Rc8 22. b4 b5 23. Nd1 Ra8 24. Ra3 Qc7 25. Qd2 a6 26. Nb2 Rfb8 27. Re2 Bf8 28.
Rg2 Ra7 29. Ra5 Kc8 30. Nd3 Kd8 31. Nc1 Ke8 32. Nb3 Be7 33. Ra3 Rba8 34. Na5
Rc8 35. Rb3 Bd8 36. Ra3 Qe7 37. Nf3 Bb6 38. Ne1 Raa8 39. Kb2 Qa7 40. Nb3 Qc7
41. Nd3 Ra7 42. Ndc5 Rca8 43. Na5 Ne7 44. Bf2 Nf5 45. Bg1 Ngh6 46. Rf3 Ng4 47.
Rf1 Rb8 48. Ra1 Bxa5 49. bxa5 b4 50. Nb3 Rb5 51. Kc1 Rab7 52. Kd1 Rb8 53. Ke1
Qa7 54. Rc1 Qd7 55. c3 bxc3 56. Qxc3 Ne7 57. Rgc2 Qc7 58. Kf1 Rb4 59. Qd3 R4b5
60. Kg2 Kf8 61. Be3 Nxe3+ 62. Qxe3 Qa7 63. Qd3 Kg7 64. Qd2 Qc7 65. Rc3 Qd8 66.
R1c2 Qc7 67. Qc1 Qd8 68. Qa3 Rb4 69. Rc5 Qc7 70. Qc1 Qa7 71. Kh3 Qc7 72. Qd2
Qa7 73. Qc3 Qc7 74. Qd2 Qb7 75. Qd3 Qa7 76. Qd2 Qb7 77. Qc1 Qa7 78. R2c3 Qb7
79. Qd2 1/2-1/2

[Event "Isle of Man Major Minor"]
[Site "Douglas"]
[Date "2023.10.31"]
[Round "4.12"]
[White "Smith, Paul"]
[Black "Costello, John"]
[Result "1-0"]
[WhiteElo "1653"]
[BlackElo "1720"]
[PlyCount "129"]
[EventDate "2023.10.28"]
[EventType "swiss"]
[EventRounds "7"]
[EventCountry "IOM"]
[SourceTitle "BritBase"]
[Source "John Saunders"]
[SourceDate "2023.11.12"]
[SourceVersion "1"]
[SourceVersionDate "2023.11.12"]
[SourceQuality "1"]

1. d4 d5 2. Bf4 Nf6 3. e3 c5 4. c3 cxd4 5. exd4 Bg4 6. Bb5+ Nc6 7. f3 Bd7 8.
Nd2 e6 9. Bd3 Be7 10. Ne2 O-O 11. Qc2 Rc8 12. Qb3 Na5 13. Qd1 b5 14. b4 Nc4 15.
Nb3 Bc6 16. Nc5 Bd6 17. Qc1 Re8 18. Bxd6 Qxd6 19. Qg5 e5 20. Qg3 e4 21. Qxd6
Nxd6 22. fxe4 dxe4 23. Bc2 Nc4 24. Rb1 Ne3 25. Bb3 Bd5 26. Kd2 Nc4+ 27. Kc2 Ng4
28. Rbe1 Nge3+ 29. Kc1 g5 30. g4 Kg7 31. h3 Bc6 32. Ng3 Rcd8 33. Bxc4 Nxc4 34.
Ngxe4 h6 35. Ng3 Rxe1+ 36. Rxe1 Bg2 37. h4 Bf3 38. Nf5+ Kh7 39. hxg5 hxg5 40.
Rg1 Re8 41. Nd7 Re2 42. Ne5 Nxe5 43. dxe5 Rxe5 44. Nd6 Kg6 45. Rg3 Bc6 46. Nf5
Bd7 47. Ne3 Be6 48. a3 a6 49. Kd2 Bc4 50. Nxc4 bxc4 51. Re3 Rd5+ 52. Ke2 Rd6
53. Re4 Rc6 54. Ke3 f5 55. gxf5+ Kxf5 56. Kf3 Kg6 57. Kg4 Kf6 58. Rd4 Ke6 59.
Kxg5 Ke5 60. a4 Rc7 61. Kg4 Rg7+ 62. Kf3 Rf7+ 63. Ke3 Rc7 64. Rh4 Rc6 65. Rh5+
1-0

[Event "Isle of Man Major Minor"]
[Site "Douglas"]
[Date "2023.10.31"]
[Round "4.14"]
[White "Griffin, John"]
[Black "Carr, Jay A"]
[Result "0-1"]
[WhiteElo "1646"]
[BlackElo "1683"]
[PlyCount "60"]
[EventDate "2023.10.28"]
[EventType "swiss"]
[EventRounds "7"]
[EventCountry "IOM"]
[SourceTitle "BritBase"]
[Source "John Saunders"]
[SourceDate "2023.11.12"]
[SourceVersion "1"]
[SourceVersionDate "2023.11.12"]
[SourceQuality "1"]

1. e4 c5 2. Nf3 e6 3. d4 cxd4 4. Nxd4 Nc6 5. Nxc6 bxc6 6. Bd3 Nf6 7. Be3 d5 8.
Nd2 Be7 9. e5 Nd7 10. f4 Nc5 11. Bxc5 Bxc5 12. Nb3 Be7 13. Qf3 a5 14. a4 Qb6
15. Ke2 Ba6 16. g4 c5 17. Qe3 Rb8 18. Bxa6 Qxa6+ 19. Kf3 O-O 20. Qc3 d4 21.
Qxa5 Rxb3+ 22. cxb3 Qxa5 23. Rhc1 Qd2 24. a5 Qe3+ 25. Kg2 Qxf4 26. a6 Qxg4+ 27.
Kh1 Qe4+ 28. Kg1 Bg5 29. Rxc5 Be3+ 30. Kf1 Qf3+ 0-1

[Event "Isle of Man Major Minor"]
[Site "Douglas"]
[Date "2023.10.31"]
[Round "4.16"]
[White "Cross, Kyle"]
[Black "Woodard, Brian"]
[Result "1/2-1/2"]
[WhiteElo "1664"]
[BlackElo "1649"]
[PlyCount "46"]
[EventDate "2023.10.28"]
[EventType "swiss"]
[EventRounds "7"]
[EventCountry "IOM"]
[SourceTitle "BritBase"]
[Source "John Saunders"]
[SourceDate "2023.11.12"]
[SourceVersion "1"]
[SourceVersionDate "2023.11.12"]
[SourceQuality "1"]

1. c4 g6 2. Nf3 Bg7 3. Nc3 c5 4. g3 Nc6 5. Bg2 d6 6. O-O Nf6 7. d3 Be6 8. Bd2
Qc8 9. Ng5 Bd7 10. Rb1 O-O 11. a3 Rb8 12. b4 b6 13. b5 Nd8 14. Qc1 h6 15. Nge4
Nxe4 16. Nxe4 Kh7 17. Bc3 Bxc3 18. Nxc3 Bh3 19. Re1 Bxg2 20. Kxg2 Ne6 21. f4
Nd4 22. e4 Qg4 23. Qd1 Qxd1 1/2-1/2

[Event "Isle of Man Major Minor"]
[Site "Douglas"]
[Date "2023.10.31"]
[Round "4.17"]
[White "Dunkley, David"]
[Black "Allen, John P"]
[Result "0-1"]
[WhiteElo "1270"]
[BlackElo "1598"]
[PlyCount "60"]
[EventDate "2023.10.28"]
[EventType "swiss"]
[EventRounds "7"]
[EventCountry "IOM"]
[SourceTitle "BritBase"]
[Source "John Saunders"]
[SourceDate "2023.11.12"]
[SourceVersion "1"]
[SourceVersionDate "2023.11.12"]
[SourceQuality "1"]

1. d4 Nf6 2. Nc3 c5 3. Nf3 cxd4 4. Nxd4 Nc6 5. Nxc6 bxc6 6. Bf4 Qa5 7. Bd2 Qc7
8. g3 d5 9. Bf4 e5 10. Bg5 Be7 11. Bxf6 Bxf6 12. e4 d4 13. Nb1 Rb8 14. b3 O-O
15. Bd3 Bh3 16. Bf1 Qd7 17. Qf3 Be7 18. Nd2 Bb4 19. Bxh3 Bxd2+ 20. Kxd2 Qxh3
21. Rad1 Qh6+ 22. Ke2 f5 23. c3 c5 24. cxd4 exd4 25. exf5 Rbe8+ 26. Kd3 Qa6+
27. Kc2 Qxa2+ 28. Kc1 Re2 29. Qd5+ Kh8 30. Qxc5 Qa1# 0-1

[Event "Isle of Man Major Minor"]
[Site "Douglas"]
[Date "2023.10.31"]
[Round "4.18"]
[White "Jackson, Antony"]
[Black "Armstrong, Chris"]
[Result "1-0"]
[WhiteElo "1366"]
[BlackElo "1485"]
[PlyCount "115"]
[EventDate "2023.10.28"]
[EventType "swiss"]
[EventRounds "7"]
[EventCountry "IOM"]
[SourceTitle "BritBase"]
[Source "John Saunders"]
[SourceDate "2023.11.12"]
[SourceVersion "1"]
[SourceVersionDate "2023.11.12"]
[SourceQuality "1"]

1. e4 e6 2. d4 d5 3. exd5 exd5 4. h3 Bd6 5. Nf3 Ne7 6. c4 dxc4 7. Bxc4 Nd7 8.
Ng5 O-O 9. Qh5 Nf6 10. Nxf7 Rxf7 11. Qxf7+ Kh8 12. Bg5 Qg8 13. Bxf6 Qxf7 14.
Bxf7 gxf6 15. O-O Kg7 16. Bb3 Bd7 17. Nd2 Re8 18. Nc4 Bf4 19. Rfe1 Bh6 20. a4
b6 21. Re2 Nf5 22. Rxe8 Bxe8 23. Rd1 Bd7 24. d5 Bf4 25. g3 Bd6 26. g4 Ne7 27.
Nxd6 cxd6 28. Rc1 Bc8 29. Rc7 Kf7 30. Rxa7 h5 31. f3 hxg4 32. hxg4 Kf8 33. Ra8
Kf7 34. Ra7 Kf8 35. Kf2 Ke8 36. a5 bxa5 37. Rxa5 Bb7 38. Kg3 Kd7 39. f4 Kc7 40.
Ba2 Kb6 41. b4 Ba6 42. f5 Bd3 43. Ra8 Kc7 44. Kf4 Kd7 45. Rf8 Nc8 46. Rxf6 Ke7
47. g5 Bb5 48. Rh6 Bd3 49. Rh7+ Ke8 50. Rh8+ Kd7 51. g6 Ne7 52. Rh7 Ke8 53.
Rxe7+ Kxe7 54. Kg5 Kf8 55. f6 Kg8 56. Bb3 Be2 57. Ba4 Bc4 58. Bc6 1-0

[Event "Isle of Man Major Minor"]
[Site "Douglas"]
[Date "2023.11.01"]
[Round "5.1"]
[White "Nicholas, Koichi B"]
[Black "Narva, Triin"]
[Result "0-1"]
[WhiteElo "2139"]
[BlackElo "2093"]
[PlyCount "62"]
[EventDate "2023.10.28"]
[EventType "swiss"]
[EventRounds "7"]
[EventCountry "IOM"]
[SourceTitle "BritBase"]
[Source "John Saunders"]
[SourceDate "2023.11.12"]
[SourceVersion "1"]
[SourceVersionDate "2023.11.12"]
[SourceQuality "1"]

1. e4 g6 2. d4 Bg7 3. Nc3 c6 4. Be3 d5 5. g4 Nf6 6. h3 Nxe4 7. Nxe4 dxe4 8. Bg2
f5 9. gxf5 Bxf5 10. Ne2 Nd7 11. Ng3 Nf6 12. Qd2 Qd7 13. O-O-O Qd5 14. Qb4 b5
15. Qa5 O-O 16. b3 Ne8 17. Rhe1 Nd6 18. Qd2 a5 19. Bh6 a4 20. Bxg7 axb3 21.
axb3 Kxg7 22. Qg5 Ra7 23. Nh5+ Kh8 24. Qh6 Rg8 25. Ng3 Rga8 26. Qe3 c5 27. Kd2
cxd4 28. Qg5 e3+ 29. fxe3 Qxg2+ 30. Re2 Qxg3 31. Qf6+ Kg8 0-1

[Event "Isle of Man Major Minor"]
[Site "Douglas"]
[Date "2023.11.01"]
[Round "5.2"]
[White "Spence, David J"]
[Black "Slade, Robin"]
[Result "1/2-1/2"]
[WhiteElo "2133"]
[BlackElo "1960"]
[PlyCount "73"]
[EventDate "2023.10.28"]
[EventType "swiss"]
[EventRounds "7"]
[EventCountry "IOM"]
[SourceTitle "BritBase"]
[Source "John Saunders"]
[SourceDate "2023.11.12"]
[SourceVersion "1"]
[SourceVersionDate "2023.11.12"]
[SourceQuality "1"]

1. e4 Nc6 2. Nf3 d5 3. exd5 Qxd5 4. Nc3 Qd6 5. Nb5 Qd8 6. d4 Nf6 7. d5 Nb4 8.
c4 e6 9. a3 Na6 10. Qa4 Bd7 11. dxe6 fxe6 12. Be2 Nc5 13. Qc2 a6 14. Nc3 e5 15.
Nxe5 Bd6 16. Nxd7 Qxd7 17. Be3 O-O 18. b4 Ne6 19. Rd1 Qe7 20. g3 c5 21. Nd5
Nxd5 22. Rxd5 Nd4 23. Bxd4 cxd4 24. O-O Be5 25. Bd3 Rae8 26. Bxh7+ Kh8 27. Bg6
Rd8 28. Rxd8 Qxd8 29. f4 d3 30. Qd1 Qb6+ 31. Kg2 Qxg6 32. fxe5 Qe4+ 33. Kh3
Rxf1 34. Qxf1 Qe2 35. Qf8+ Kh7 36. Qf5+ Kh8 37. Qf8+ 1/2-1/2

[Event "Isle of Man Major Minor"]
[Site "Douglas"]
[Date "2023.11.01"]
[Round "5.3"]
[White "Coote, Trevor D"]
[Black "Jackson, Oliver A"]
[Result "0-1"]
[WhiteElo "2001"]
[BlackElo "2072"]
[PlyCount "84"]
[EventDate "2023.10.28"]
[EventType "swiss"]
[EventRounds "7"]
[EventCountry "IOM"]
[SourceTitle "BritBase"]
[Source "John Saunders"]
[SourceDate "2023.11.12"]
[SourceVersion "1"]
[SourceVersionDate "2023.11.12"]
[SourceQuality "1"]

1. e4 c5 2. c4 e6 3. Nc3 a6 4. g3 Nc6 5. Bg2 g6 6. Nge2 Bg7 7. O-O Nge7 8. d3
d6 9. Be3 Nd4 10. Rb1 Nec6 11. a3 O-O 12. b4 Nxe2+ 13. Nxe2 Nd4 14. Qd2 b6 15.
e5 Ra7 16. Nxd4 cxd4 17. Bxd4 dxe5 18. Be3 Rd7 19. Rfd1 f5 20. c5 e4 21. Rb3
Bb7 22. Bg5 Qc7 23. cxb6 Qxb6 24. Be3 Qb5 25. Bc5 Rfd8 26. Bf1 exd3 27. Bg2
Bxg2 28. Kxg2 Qc4 29. Rbb1 e5 30. Re1 e4 31. Rec1 Qd5 32. Be3 f4 33. gxf4 Qh5
34. Rc5 Qf3+ 35. Kg1 Bf6 36. Rbc1 h5 37. Qd1 d2 38. Qb3+ Kg7 39. Rd1 h4 40. Qc2
h3 41. Kf1 Rd3 42. Rc7+ Kh6 0-1

[Event "Isle of Man Major Minor"]
[Site "Douglas"]
[Date "2023.11.01"]
[Round "5.4"]
[White "Walton, Alan J"]
[Black "Prateek, Wadhwa"]
[Result "0-1"]
[WhiteElo "2051"]
[BlackElo "1623"]
[PlyCount "84"]
[EventDate "2023.10.28"]
[EventType "swiss"]
[EventRounds "7"]
[EventCountry "IOM"]
[SourceTitle "BritBase"]
[Source "John Saunders"]
[SourceDate "2023.11.12"]
[SourceVersion "1"]
[SourceVersionDate "2023.11.12"]
[SourceQuality "1"]

1. d4 d5 2. c4 c6 3. Nc3 Nf6 4. Nf3 e6 5. Bg5 Be7 6. e3 Nbd7 7. cxd5 exd5 8.
Bd3 h6 9. Bh4 O-O 10. O-O Re8 11. Rb1 a5 12. a3 Ne4 13. Bxe7 Qxe7 14. Qc2 Ndf6
15. Ne5 Bf5 16. Ne2 Bh7 17. b4 axb4 18. axb4 Ra3 19. Rb3 Rxb3 20. Qxb3 Nd2 21.
Qb2 Nxf1 22. Kxf1 Bxd3 23. Nxd3 Ra8 24. Nc3 Ne4 25. Nc5 Nxc3 26. Qxc3 Ra2 27.
Nd3 Qh4 28. h3 Qh5 29. Qe1 Qf5 30. Qc3 h5 31. Kg1 g5 32. Kh2 g4 33. h4 Qf6 34.
Kg3 Rxf2 35. Nf4 Ra2 36. Qb3 Ra1 37. Nxh5 Qh6 38. Nf4 Rh1 39. h5 Qg5 40. Kf2
Qh4+ 41. Ke2 Re1+ 42. Kd3 Rxe3+ 0-1

[Event "Isle of Man Major Minor"]
[Site "Douglas"]
[Date "2023.11.01"]
[Round "5.5"]
[White "Berendsen, David"]
[Black "Pert, Nina P"]
[Result "0-1"]
[WhiteElo "1805"]
[BlackElo "2043"]
[PlyCount "66"]
[EventDate "2023.10.28"]
[EventType "swiss"]
[EventRounds "7"]
[EventCountry "IOM"]
[SourceTitle "BritBase"]
[Source "John Saunders"]
[SourceDate "2023.11.12"]
[SourceVersion "1"]
[SourceVersionDate "2023.11.12"]
[SourceQuality "1"]

1. c4 e5 2. g3 Nc6 3. Bg2 Bc5 4. Nc3 d6 5. e3 a6 6. Nge2 Ba7 7. h3 h5 8. d4
Nge7 9. d5 Nb8 10. e4 Ng6 11. Qd3 Nd7 12. Be3 Nc5 13. Qd2 a5 14. f4 f5 15.
O-O-O Qe7 16. fxe5 Nxe5 17. Bg5 Qf7 18. Rhf1 Qg6 19. h4 fxe4 20. Nb5 Bb6 21.
Nf4 Qh7 22. Rde1 O-O 23. Qe2 Bf5 24. Ne6 Nxe6 25. dxe6 Nd3+ 26. Kb1 Nxe1 27.
Rxf5 Nxg2 28. Rf7 Rxf7 29. exf7+ Kxf7 30. c5 dxc5 31. Qc4+ Kf8 32. Nxc7 Bxc7
33. Qxc5+ Kg8 0-1

[Event "Isle of Man Major Minor"]
[Site "Douglas"]
[Date "2023.11.01"]
[Round "5.6"]
[White "Sipos, Silvester"]
[Black "Miah, Zahed"]
[Result "0-1"]
[WhiteElo "1950"]
[BlackElo "1802"]
[PlyCount "136"]
[EventDate "2023.10.28"]
[EventType "swiss"]
[EventRounds "7"]
[EventCountry "IOM"]
[SourceTitle "BritBase"]
[Source "John Saunders"]
[SourceDate "2023.11.12"]
[SourceVersion "1"]
[SourceVersionDate "2023.11.12"]
[SourceQuality "1"]

1. d4 Nf6 2. Nc3 d5 3. Bf4 Bf5 4. e3 e6 5. f3 c5 6. Nb5 Na6 7. c3 Be7 8. g4 Bg6
9. h4 h5 10. g5 Nh7 11. Bd3 Bxd3 12. Qxd3 Nf8 13. Ne2 Qb6 14. a4 Nd7 15. Bg3
Qc6 16. O-O Nb6 17. dxc5 Nxc5 18. Qd1 O-O 19. Nbd4 Qd7 20. b3 Nc8 21. b4 Na6
22. Nb5 Nd6 23. Nxd6 Bxd6 24. f4 Rac8 25. Qd3 Rc4 26. Nd4 Rfc8 27. Nb5 Bb8 28.
Rad1 Qe7 29. Be1 Nc7 30. Na3 Re4 31. Nb1 Rc4 32. Nd2 Rc6 33. Nf3 Ne8 34. Nd4
Rc4 35. e4 dxe4 36. Qxe4 Nd6 37. Qe2 Qe8 38. b5 g6 39. Bd2 Rxa4 40. Rde1 Qd7
41. Rf3 Rc5 42. Rd3 Rd5 43. Qd1 Rc4 44. Qb3 Bc7 45. Kg2 Bb6 46. Be3 e5 47. fxe5
Qg4+ 48. Kf1 Rxe5 49. Bf2 Rxe1+ 50. Kxe1 Rc8 51. Kf1 Re8 52. Qb4 Ne4 53. Qb2
Nxf2 54. Qxf2 Re4 55. Qh2 Rf4+ 56. Ke1 Bxd4 57. Rxd4 Qe6+ 58. Qe2 Qxe2+ 59.
Kxe2 Rxd4 60. cxd4 Kf8 61. Kd3 Ke7 62. Kc4 Kd6 63. d5 a6 64. b6 a5 65. Kb5 Kxd5
66. Kxa5 Kc5 67. Ka4 Kxb6 68. Kb4 Kc6 0-1

[Event "Isle of Man Major Minor"]
[Site "Douglas"]
[Date "2023.11.01"]
[Round "5.7"]
[White "Fabri, Henrik"]
[Black "Fleming, Andrew S J"]
[Result "1/2-1/2"]
[WhiteElo "1903"]
[BlackElo "1872"]
[PlyCount "66"]
[EventDate "2023.10.28"]
[EventType "swiss"]
[EventRounds "7"]
[EventCountry "IOM"]
[SourceTitle "BritBase"]
[Source "John Saunders"]
[SourceDate "2023.11.12"]
[SourceVersion "1"]
[SourceVersionDate "2023.11.12"]
[SourceQuality "1"]

1. d4 e6 2. c4 Nf6 3. Nc3 d5 4. Bg5 Be7 5. e3 O-O 6. Nf3 dxc4 7. Bxc4 c5 8. O-O
Nbd7 9. Rc1 cxd4 10. Nxd4 Ne5 11. Be2 h6 12. Bf4 Ng6 13. Bg3 e5 14. Nf3 e4 15.
Ne5 Nxe5 16. Bxe5 Qa5 17. Bxf6 Bxf6 18. Qc2 Bxc3 19. Qxc3 Qxa2 20. Bc4 Qa4 21.
Qd4 Qe8 22. Bd5 Bf5 23. Bxb7 Rb8 24. Rc7 Qd8 25. Rfc1 Qxd4 26. exd4 Rfd8 27. d5
Rd6 28. Re7 Rb6 29. Rcc7 Bg6 30. h4 h5 31. Bc6 Rd8 32. Rxf7 Rxb2 33. Be8 Rxd5
1/2-1/2

[Event "Isle of Man Major Minor"]
[Site "Douglas"]
[Date "2023.11.01"]
[Round "5.9"]
[White "Watkinson, Colin"]
[Black "Waddington, Michael P"]
[Result "0-1"]
[WhiteElo "1547"]
[BlackElo "1931"]
[PlyCount "78"]
[EventDate "2023.10.28"]
[EventType "swiss"]
[EventRounds "7"]
[EventCountry "IOM"]
[SourceTitle "BritBase"]
[Source "John Saunders"]
[SourceDate "2023.11.12"]
[SourceVersion "1"]
[SourceVersionDate "2023.11.12"]
[SourceQuality "1"]

1. e4 e5 2. Nf3 Nc6 3. d4 exd4 4. Bc4 Nf6 5. e5 d5 6. Bxd5 Nxd5 7. Bg5 Be7 8.
Bxe7 Qxe7 9. O-O O-O 10. Nxd4 Qxe5 11. Nxc6 bxc6 12. Nd2 Qxb2 13. Rb1 Qd4 14.
Rb3 Ba6 15. Re1 Nc3 16. Qf3 Qxd2 17. Qxc3 Qxc3 18. Rxc3 Bb5 19. Re7 Rfe8 20.
Rxe8+ Rxe8 21. h3 f5 22. a4 Bxa4 23. Ra3 Bxc2 24. Rxa7 Re1+ 25. Kh2 Re7 26.
Ra8+ Kf7 27. Ra2 Be4 28. f3 Bd5 29. Rc2 f4 30. Kg1 Re5 31. Kf2 Ke7 32. Re2 Kd6
33. Rxe5 Kxe5 34. g3 fxg3+ 35. Kxg3 c5 36. Kf2 c4 37. Ke3 c5 38. f4+ Kf5 39. h4
h5 0-1

[Event "Isle of Man Major Minor"]
[Site "Douglas"]
[Date "2023.11.01"]
[Round "5.10"]
[White "Allen, John P"]
[Black "Ireland, David J"]
[Result "1-0"]
[WhiteElo "1598"]
[BlackElo "1897"]
[PlyCount "20"]
[EventDate "2023.10.28"]
[EventType "swiss"]
[EventRounds "7"]
[EventCountry "IOM"]
[SourceTitle "BritBase"]
[Source "John Saunders"]
[SourceDate "2023.11.12"]
[SourceVersion "1"]
[SourceVersionDate "2023.11.12"]
[SourceQuality "1"]

1. Nf3 Nf6 2. g3 d6 3. d4 c5 4. Bg2 cxd4 5. Nxd4 e5 6. Nf3 Nc6 7. Nc3 Be6 8.
Ng5 Be7 9. O-O O-O 10. Qd2 Ne8 1-0

[Event "Isle of Man Major Minor"]
[Site "Douglas"]
[Date "2023.11.01"]
[Round "5.11"]
[White "Carr, Jay A"]
[Black "Smith, Paul"]
[Result "1-0"]
[WhiteElo "1683"]
[BlackElo "1653"]
[PlyCount "83"]
[EventDate "2023.10.28"]
[EventType "swiss"]
[EventRounds "7"]
[EventCountry "IOM"]
[SourceTitle "BritBase"]
[Source "John Saunders"]
[SourceDate "2023.11.12"]
[SourceVersion "1"]
[SourceVersionDate "2023.11.12"]
[SourceQuality "1"]

1. Nf3 Nf6 2. b3 e6 3. Bb2 b6 4. e3 Bb7 5. d4 c5 6. Nbd2 Be7 7. Bd3 d5 8. Ne5
O-O 9. O-O Nbd7 10. Ndf3 a6 11. a4 Ne8 12. Nxd7 Qxd7 13. Ne5 Qc7 14. f4 f5 15.
g4 Nd6 16. Qe2 Ne4 17. Bxe4 fxe4 18. g5 Bd6 19. g6 Bxe5 20. gxh7+ Kh8 21. fxe5
Rf5 22. Rxf5 exf5 23. Rf1 g6 24. Qg2 Kxh7 25. Rf4 c4 26. Qh3+ Kg8 27. Rh4 Qg7
28. Ba3 Re8 29. Rh6 cxb3 30. cxb3 a5 31. Qh4 Ba6 32. Qg5 Kf7 33. Bd6 b5 34. Qh4
Kg8 35. Qg5 Kf7 36. Kf2 bxa4 37. bxa4 Bc4 38. Qh4 Kg8 39. Qg5 Kf7 40. e6+ Rxe6
41. Be5 Qf8 42. Rh7+ 1-0

[Event "Isle of Man Major Minor"]
[Site "Douglas"]
[Date "2023.11.01"]
[Round "5.12"]
[White "Dyshliuk, Fedir"]
[Black "Allen, Keith"]
[Result "0-1"]
[WhiteElo "1393"]
[BlackElo "2128"]
[PlyCount "86"]
[EventDate "2023.10.28"]
[EventType "swiss"]
[EventRounds "7"]
[EventCountry "IOM"]
[SourceTitle "BritBase"]
[Source "John Saunders"]
[SourceDate "2023.11.12"]
[SourceVersion "1"]
[SourceVersionDate "2023.11.12"]
[SourceQuality "1"]

1. e4 c5 2. Nf3 e6 3. b3 a6 4. Bb2 Nc6 5. g3 d5 6. e5 Nge7 7. Bg2 b5 8. c4 bxc4
9. bxc4 Rb8 10. Ba3 Qa5 11. O-O Rxb1 12. Rxb1 Qxa3 13. cxd5 Nxd5 14. Qc1 Qa4
15. Qb2 Be7 16. Rfc1 O-O 17. d3 Qa5 18. d4 Nxd4 19. Nxd4 cxd4 20. Qxd4 Rd8 21.
Rb8 Bd7 22. Rxd8+ Qxd8 23. Bxd5 exd5 24. Qxd5 Be6 25. Qxd8+ Bxd8 26. Kf1 Kf8
27. Rc2 g5 28. f3 Ke7 29. Ke2 Bd5 30. f4 Ke6 31. Rb2 gxf4 32. gxf4 h5 33. Ke3
Kf5 34. h3 Be7 35. Kd4 Be6 36. Rf2 a5 37. Kd3 a4 38. Kd4 a3 39. Kd3 Bh4 40. Rf1
Bg3 41. Ke3 h4 42. Rf3 Bd5 43. Rf1 Bg2 0-1

[Event "Isle of Man Major Minor"]
[Site "Douglas"]
[Date "2023.11.01"]
[Round "5.13"]
[White "Coe, Lawrence"]
[Black "Landenberger, Anja Kathrin"]
[Result "1-0"]
[WhiteElo "1805"]
[BlackElo "1732"]
[PlyCount "45"]
[EventDate "2023.10.28"]
[EventType "swiss"]
[EventRounds "7"]
[EventCountry "IOM"]
[SourceTitle "BritBase"]
[Source "John Saunders"]
[SourceDate "2023.11.12"]
[SourceVersion "1"]
[SourceVersionDate "2023.11.12"]
[SourceQuality "1"]

1. c4 Nf6 2. Nc3 c6 3. d4 d5 4. Nf3 e6 5. c5 Nbd7 6. Bg5 Be7 7. e3 O-O 8. Bd3
b6 9. b4 h6 10. Bf4 a5 11. a3 Ba6 12. b5 cxb5 13. c6 Qc8 14. Nxb5 Nb8 15. c7
Nbd7 16. Qc2 Nh5 17. Nd6 Bxd6 18. Bxd6 Re8 19. Rc1 Nhf6 20. h3 b5 21. O-O Nb6
22. Ne5 Nfd7 23. Bh7+ 1-0

[Event "Isle of Man Major Minor"]
[Site "Douglas"]
[Date "2023.11.01"]
[Round "5.14"]
[White "Cross, Glenn"]
[Black "Cross, Kyle"]
[Result "1-0"]
[WhiteElo "1742"]
[BlackElo "1664"]
[PlyCount "47"]
[EventDate "2023.10.28"]
[EventType "swiss"]
[EventRounds "7"]
[EventCountry "IOM"]
[SourceTitle "BritBase"]
[Source "John Saunders"]
[SourceDate "2023.11.12"]
[SourceVersion "1"]
[SourceVersionDate "2023.11.12"]
[SourceQuality "1"]

1. d4 Nf6 2. Nf3 e6 3. c4 b6 4. g3 Bb7 5. Bg2 d5 6. O-O dxc4 7. Qa4+ Qd7 8.
Qxc4 Nc6 9. e3 O-O-O 10. Nc3 Be7 11. a3 h5 12. Ng5 Qe8 13. Nxf7 Qxf7 14. Bxc6
h4 15. Bxb7+ Kxb7 16. Qe2 hxg3 17. fxg3 Qg6 18. Rf2 Rh7 19. b4 Rdh8 20. Ra2 Ng4
21. Rg2 Nxh2 22. Rxh2 Qxg3+ 23. Qg2+ Qxg2+ 24. Raxg2 1-0